| 000 | 00572nam a2200181 i 4500 | ||
|---|---|---|---|
| 001 | 49115 | ||
| 003 | ES-MaACL | ||
| 005 | 20230906161904.0 | ||
| 007 | t| | ||
| 008 | 030708s1970 sp f |||| | spa d | ||
| 100 | 1 |
_aCorredera Gutiérrez, Eduardo. _940769 |
|
| 245 | 1 | 3 |
_aEl libro de la Cueva Santa / _cEduardo Corredera Gutiérrez. |
| 260 |
_a[Segorbe : _bPadres Carmelitas Descalzos], _c1970. |
||
| 300 |
_a302 p., 10 lám. ; _c21 cm. |
||
| 610 | 2 | 4 |
_aSantuario de la Cueva Santa (Altura) _9170523 |
| 710 | 2 |
_aCarmelitas Descalzos. _92445 |
|
| 852 |
_aES-MaACL _jC-46245 |
||
| 999 |
_c49115 _d49115 |
||